000 00651nam a2200241 i 4500
001 C2-0090199
003 PPAK
005 20180727091920.0
008 970511s1993 enk |||| ||||| | eng d
020 _a074931429X
040 _aPPAK
_beng
_cPPAK
_erda
082 0 4 _a612.6
_223
090 0 0 _a612.6
_bROW
_dG
100 1 _aRowland, Robyn,
_eauthor
245 1 0 _aLiving laboratories :
_bwomen and reproduction tecnology
264 1 _aLondon :
_bCedar ,
_c1993
300 _a366 pages ;
_c20 cm
336 _2rdacontent
_atext
337 _2rdamedia
_aunmediated
338 _2rdacarrier
_avolume
650 1 0 _aHuman reproduction
942 _ddc
_cB
999 _c18770
_d18770